Principles of electrodynamics
Wedi'i Gadw mewn:
| Prif Awdur: | |
|---|---|
| Fformat: | Llyfr |
| Iaith: | Saesneg |
| Cyhoeddwyd: |
Nueva York
Dover
1987
|
| Rhifyn: | 1a. ed |
| Pynciau: | |
| Tagiau: |
Ychwanegu Tag
Dim Tagiau, Byddwch y cyntaf i dagio'r cofnod hwn!
|
MARC
| LEADER | 00000cam a2200000 a 4500 | ||
|---|---|---|---|
| 001 | UCL9634 | ||
| 003 | CL-VaPUC | ||
| 008 | 040820e19870000us |||||||||||||||||eng|d | ||
| 020 | |a 0486654931 | ||
| 082 | 0 | 4 | |a 537.6 |b SCH |2 21 |
| 100 | 0 | |a Schwartz, Melvin |e author |9 487516 | |
| 245 | 1 | 0 | |a Principles of electrodynamics |
| 250 | |a 1a. ed | ||
| 300 | |a 344 p | ||
| 942 | |c BK | ||
| 945 | |d 20040820 00:00:00 |a cmena | ||
| 260 | |a Nueva York |b Dover |c 1987 | ||
| 650 | 0 | |a Electrodinámica |9 317185 | |
| 650 | 0 | |a Electrostática |9 351592 | |
| 650 | 0 | |a Electromagnetismo |9 260123 | |
| 650 | 0 | |a Propagación de ondas |9 263256 | |
| 583 | |a last modification |c 20150504 05:01:28 |k Rodrigo Vera | ||
| 999 | |c 310351 |d 310349 | ||
| 952 | |0 0 |1 0 |4 0 |6 537_600000000000000_SCH_1987 |7 0 |8 A |9 378679 |a BIBCUR |b BIBCUR |d 2019-11-21 |i 4049489 |o 537.6 SCH 1987 |p 4049489 |r 2025-04-22 |w 2019-11-21 |y BK |k FIS | ||
| 952 | |0 0 |1 0 |4 0 |6 537_600000000000000_SCH_1987 |7 0 |8 A |9 378680 |a BIBCUR |b BIBCUR |d 2019-11-21 |i 4653998 |o 537.6 SCH 1987 |p 4653998 |r 2025-04-22 |w 2019-11-21 |y BK |k FIS | ||